000 00488nam a2200169 i 4500
001 bg
003 KOSZ 005
005 20170708105459.0
008 s pl f |000 0 pol
040 _cKOSZ 005/ID
_dKOSZ 005/ID
041 _apol
100 1 _aROLOFF, Hermann
245 0 _aMaschinenelement /
_cH. Roloff.
260 _aBraumschweig,
_c1968.
856 _uhttp://koha.tu.koszalin.pl/cgi-bin/koha/opac-detail.pl?biblionumber=8494
_yKatalog online BPK
942 _cKS
_2UKD
999 _c8494
_d8494